[Event "Tradewise Gibraltar Masters 14th"]
[Site "Gibraltar"]
[Date "2016.02.03"]
[Round "9.80"]
[White "Foisor, Cristina Adela"]
[Black "Nebolsina, Vera"]
[Result "0-1"]
[WhiteElo "2338"]
[BlackElo "2208"]
[PlyCount "114"]
[EventDate "2016.01.26"]
[EventType "swiss"]
[EventRounds "10"]
[EventCountry "GGB"]
[Source "www.saund.co.uk"]
[SourceDate "2005.02.07"]

1. Nf3 d5 2. c4 c6 3. e3 Nf6 4. Nc3 g6 5. d4 Bg7 6. cxd5 cxd5 7. Bb5+ Bd7 8.
Qb3 Bxb5 9. Qxb5+ Qd7 10. Ne5 Qxb5 11. Nxb5 Na6 12. b3 Nd7 13. Nd3 Ndb8 14. Nf4
Nc6 15. Nxd5 O-O-O 16. Ndc3 Nab4 17. O-O e5 18. a3 exd4 19. axb4 dxc3 20. Nxa7+
Kc7 21. Nxc6 Kxc6 22. Ra5 b6 23. Ra7 Rhf8 24. f4 Ra8 25. Re7 Bf6 26. Re4 b5 27.
f5 g5 28. h4 h6 29. hxg5 hxg5 30. Rg4 Rfd8 31. Rg3 Ra2 32. Rgf3 Rd3 33. e4 Bd4+
34. Kh1 Rxf3 35. gxf3 f6 36. Rd1 Ra1 37. Kg2 Be3 38. e5 Rxc1 39. Rd6+ Kc7 40.
Rd3 c2 41. Rxe3 Rg1+ 42. Kxg1 c1=Q+ 43. Kf2 Qd2+ 44. Re2 Qd4+ 45. Kg2 fxe5 46.
Re4 Qd2+ 47. Kg3 Kd6 48. f6 Ke6 49. f7 Kxf7 50. Rg4 Kf6 51. Re4 Kf5 52. Rg4
Qe1+ 53. Kg2 Qe2+ 54. Kg3 Qf1 55. Re4 Qg1+ 56. Kh3 Kf6 57. Rg4 Qf2 0-1

[Event "Tradewise Gibraltar Masters 14th"]
[Site "Gibraltar"]
[Date "2016.02.03"]
[Round "9.81"]
[White "Semprun Martinez, Fernando"]
[Black "Pourkashiyan, Atousa"]
[Result "0-1"]
[WhiteElo "2178"]
[BlackElo "2338"]
[PlyCount "84"]
[EventDate "2016.01.26"]
[EventType "swiss"]
[EventRounds "10"]
[EventCountry "GGB"]
[Source "www.saund.co.uk"]
[SourceDate "2005.02.07"]

1. e4 c5 2. Nf3 e6 3. d4 cxd4 4. Nxd4 a6 5. Nc3 Qc7 6. Bd3 Bc5 7. Nf3 Nc6 8.
Qe2 Nge7 9. O-O d6 10. Na4 Ba7 11. c4 Ne5 12. Bf4 Bd7 13. Nc3 O-O 14. Rac1 N7g6
15. Bg3 Rac8 16. b3 Qa5 17. Rfd1 b5 18. Nxe5 Nxe5 19. Bxe5 dxe5 20. Qb2 Bc5 21.
Nb1 b4 22. Nd2 Bc6 23. Nf3 f6 24. Bb1 Qb6 25. Rd2 Qb7 26. Re1 a5 27. Ree2 Kh8
28. Kf1 Ra8 29. Bc2 Be8 30. Qc1 Bh5 31. Qd1 Bxf3 32. gxf3 Bd4 33. f4 Qf7 34. f3
Qh5 35. Rd3 Bc3 36. Rg2 exf4 37. Rd7 f5 38. Ke2 Qe8 39. Rg1 Rc8 40. Qd6 Qh5 41.
Rg2 Qh4 42. Qxe6 Qe1+ 0-1

[Event "Tradewise Gibraltar Masters 14th"]
[Site "Gibraltar"]
[Date "2016.02.03"]
[Round "9.82"]
[White "Mihajlov, Sebastian"]
[Black "Baert, Andy"]
[Result "1-0"]
[WhiteElo "2335"]
[BlackElo "2184"]
[PlyCount "63"]
[EventDate "2016.01.26"]
[EventType "swiss"]
[EventRounds "10"]
[EventCountry "GGB"]
[Source "www.saund.co.uk"]
[SourceDate "2005.02.07"]

1. d4 Nf6 2. Nf3 e6 3. c4 d5 4. Nc3 Bb4 5. cxd5 exd5 6. Bg5 h6 7. Bh4 c6 8. e3
Bf5 9. Qb3 Qb6 10. Bxf6 gxf6 11. Rc1 Nd7 12. Nh4 Bg6 13. Be2 Bd6 14. f4 Qxb3
15. axb3 Be4 16. Nxe4 dxe4 17. Nf5 Bb4+ 18. Kf2 Nb6 19. Ng3 Nd5 20. Rhd1 O-O-O
21. Bg4+ Kb8 22. Bf5 Rhe8 23. Bxe4 Re6 24. Rd3 Rde8 25. Bxd5 cxd5 26. Nf5 Bf8
27. Rdc3 Rb6 28. Kf3 a5 29. R1c2 h5 30. h4 Bb4 31. Rc7 Be1 32. Ke2 1-0

[Event "Tradewise Gibraltar Masters 14th"]
[Site "Gibraltar"]
[Date "2016.02.03"]
[Round "9.84"]
[White "Osuna Vega, Enrique"]
[Black "Kharous, Ernest"]
[Result "0-1"]
[WhiteElo "2127"]
[BlackElo "2314"]
[PlyCount "48"]
[EventDate "2016.01.26"]
[EventType "swiss"]
[EventRounds "10"]
[EventCountry "GGB"]
[Source "www.saund.co.uk"]
[SourceDate "2005.02.07"]

1. e4 c5 2. Nf3 Nc6 3. d4 cxd4 4. Nxd4 Nf6 5. Nc3 e5 6. Ndb5 h6 7. Nd5 Nxd5 8.
exd5 a6 9. dxc6 axb5 10. cxd7+ Bxd7 11. Qd5 Qc7 12. Bd2 Bc5 13. Bd3 O-O 14. Qb3
Qc6 15. O-O Ra4 16. Rfe1 Rg4 17. Bf1 Be6 18. Qc3 Rd8 19. Rad1 Rdd4 20. Rxe5 Bd5
21. Qh3 Qg6 22. Re8+ Kh7 23. Bd3 Rxd3 24. Qxd3 Rxg2+ 0-1

[Event "Tradewise Gibraltar Masters 14th"]
[Site "Gibraltar"]
[Date "2016.02.03"]
[Round "9.85"]
[White "Lobersli, Henrik Oie"]
[Black "Ripari, Marcelo"]
[Result "0-1"]
[WhiteElo "2146"]
[BlackElo "2310"]
[PlyCount "54"]
[EventDate "2016.01.26"]
[EventType "swiss"]
[EventRounds "10"]
[EventCountry "GGB"]
[Source "www.saund.co.uk"]
[SourceDate "2005.02.07"]

1. e4 c5 2. Nf3 Nc6 3. d4 cxd4 4. Nxd4 Nf6 5. Nc3 e5 6. Ndb5 d6 7. Bg5 a6 8.
Na3 Be6 9. Nc4 Rc8 10. Ne3 Be7 11. Bxf6 Bxf6 12. Ncd5 Bg5 13. g3 Bxe3 14. Nxe3
Qb6 15. Qb1 Ne7 16. Bg2 f5 17. c3 f4 18. Nd1 O-O 19. O-O f3 20. Bh1 Bc4 21. Re1
Be2 22. Qc1 Ng6 23. Ne3 Qd8 24. Nf5 d5 25. Qe3 dxe4 26. g4 Nf4 27. Rxe2 fxe2
0-1

[Event "Tradewise Gibraltar Masters 14th"]
[Site "Gibraltar"]
[Date "2016.02.03"]
[Round "9.86"]
[White "Bergstrom, Rolf"]
[Black "Kandic, Milan"]
[Result "1-0"]
[WhiteElo "2297"]
[BlackElo "2109"]
[PlyCount "81"]
[EventDate "2016.01.26"]
[EventType "swiss"]
[EventRounds "10"]
[EventCountry "GGB"]
[Source "www.saund.co.uk"]
[SourceDate "2005.02.07"]

1. e4 e5 2. Nf3 Nf6 3. Nc3 Nc6 4. a3 Bc5 5. Nxe5 Bxf2+ 6. Kxf2 Nxe5 7. d4 Neg4+
8. Kg1 d5 9. h3 Nh6 10. Bg5 dxe4 11. Nxe4 Nf5 12. c3 h6 13. Nxf6+ gxf6 14. Bf4
Be6 15. Qf3 c6 16. Re1 Qb6 17. Qf2 O-O-O 18. Bd3 Nd6 19. Kh2 h5 20. Rhg1 Rhe8
21. Kh1 f5 22. Bxd6 Rxd6 23. Bxf5 Rd5 24. Bxe6+ fxe6 25. Qf7 Kd8 26. Qf6+ Kd7
27. Re2 Rf5 28. Qg6 Qb5 29. Re5 Qxb2 30. Rxf5 exf5 31. Qxf5+ Kd8 32. Qa5+ Kd7
33. Qf5+ Kd8 34. Qa5+ Kd7 35. Qxa7 Qxc3 36. Qxb7+ Kd6 37. Qb1 h4 38. Qg6+ Re6
39. Qh5 Re4 40. Qg6+ Kd5 41. Qf5+ 1-0

[Event "Tradewise Gibraltar Masters 14th"]
[Site "Gibraltar"]
[Date "2016.02.03"]
[Round "9.87"]
[White "Piasetski, Leon"]
[Black "Omoifo, Osemekhian I"]
[Result "1-0"]
[WhiteElo "2277"]
[BlackElo "2106"]
[PlyCount "58"]
[EventDate "2016.01.26"]
[EventType "swiss"]
[EventRounds "10"]
[EventCountry "GGB"]
[Source "www.saund.co.uk"]
[SourceDate "2005.02.07"]

1. Nf3 d6 2. d4 Bg4 3. e4 Nf6 4. h3 Bxf3 5. Qxf3 e5 6. Qb3 exd4 7. Bc4 Qe7 8.
Qxb7 Qxe4+ 9. Qxe4+ Nxe4 10. Bd5 Nxf2 11. Kxf2 c6 12. Re1+ Be7 13. Bf3 d5 14.
Bf4 Kd8 15. Nd2 Nd7 16. Nb3 a5 17. Nxd4 Ra6 18. Bc7+ Kxc7 19. Rxe7 Kd8 20. Rxf7
c5 21. Be2 Rb6 22. Nb5 g6 23. Rd1 Ke8 24. Rg7 Rf8+ 25. Kg1 d4 26. c3 Rf5 27.
cxd4 c4 28. a4 Nf6 29. Bxc4 Kd8 1-0

[Event "Tradewise Gibraltar Masters 14th"]
[Site "Gibraltar"]
[Date "2016.02.03"]
[Round "9.88"]
[White "Sanchez Jerez, Emilio Miguel"]
[Black "Weeramantry, Sunil"]
[Result "1-0"]
[WhiteElo "2265"]
[BlackElo "2099"]
[PlyCount "65"]
[EventDate "2016.01.26"]
[EventType "swiss"]
[EventRounds "10"]
[EventCountry "GGB"]
[Source "www.saund.co.uk"]
[SourceDate "2005.02.07"]

1. Nc3 g6 2. d4 Bg7 3. e4 d6 4. Be3 c6 5. h4 h5 6. Nh3 Nd7 7. Ng5 b5 8. Qd2 Rb8
9. f4 Nb6 10. b3 Nh6 11. Bd3 a6 12. e5 Nf5 13. Bf2 d5 14. e6 fxe6 15. Ne2 c5
16. c3 c4 17. Bc2 a5 18. Ng1 b4 19. N1f3 bxc3 20. Qxc3 Qd6 21. Qxa5 Qxf4 22.
O-O O-O 23. Rad1 Ng3 24. Rfe1 cxb3 25. axb3 Bf6 26. Nxe6 Bxe6 27. Rxe6 Bxh4 28.
Rxg6+ Kh8 29. Qe1 Rg8 30. Nxh4 Ne4 31. Bxe4 dxe4 32. Bg3 Qf7 33. Qxe4 1-0

[Event "Tradewise Gibraltar Masters 14th"]
[Site "Gibraltar"]
[Date "2016.02.03"]
[Round "9.89"]
[White "Vilarnovo Caamano, Jose"]
[Black "Gavilan Diaz, Mario"]
[Result "0-1"]
[WhiteElo "2043"]
[BlackElo "2261"]
[PlyCount "136"]
[EventDate "2016.01.26"]
[EventType "swiss"]
[EventRounds "10"]
[EventCountry "GGB"]
[Source "www.saund.co.uk"]
[SourceDate "2005.02.07"]

1. f4 d5 2. Nf3 c5 3. e3 Nf6 4. d3 g6 5. Be2 Bg7 6. O-O O-O 7. h3 Nc6 8. Ne5
Qc7 9. Nxc6 Qxc6 10. Bf3 Qc7 11. Nc3 Rd8 12. Qe2 d4 13. Nb5 Qd7 14. a4 a6 15.
Na3 Qxa4 16. exd4 Qxd4+ 17. Be3 Qd6 18. Nc4 Qc7 19. Qf2 Nd7 20. Be4 e6 21. g4
f5 22. Bf3 Rb8 23. gxf5 exf5 24. Bd5+ Kh8 25. Rfe1 b6 26. Bd2 Ne5 27. Nxe5 Rxd5
28. Nxg6+ hxg6 29. Re8+ Bf8 30. Qh4+ Kg8 31. Rxf8+ Kxf8 32. Qh8+ Ke7 33. Re1+
Be6 34. Qg7+ Kd8 35. Qf8+ Kd7 36. Qg7+ Kc8 37. Qxc7+ Kxc7 38. Rxe6 Rd6 39. Re7+
Rd7 40. Re6 Rg8 41. Kf2 c4 42. Be3 cxd3 43. Bxb6+ Kb7 44. cxd3 Rxd3 45. Be3 Rb3
46. Re7+ Kc6 47. Re6+ Kd5 48. Rxa6 Rxb2+ 49. Kf3 Re8 50. Ra5+ Kc4 51. Rc5+ Kb4
52. Rc1 Rb3 53. Re1 Kc4 54. Rc1+ Rc3 55. Re1 Rh8 56. Rh1 Rd3 57. Rc1+ Kd5 58.
Rh1 g5 59. Kf2 g4 60. h4 g3+ 61. Ke2 Ke4 62. Bc1 Ra8 63. Re1 Ra2+ 64. Kf1+ Kf3
65. Kg1 Rh2 66. Rf1+ Rf2 67. Re1 Rg2+ 68. Kh1 Rh2+ 0-1

[Event "Tradewise Gibraltar Masters 14th"]
[Site "Gibraltar"]
[Date "2016.02.03"]
[Round "9.90"]
[White "Cordes, Hans-Joerg"]
[Black "Pakosta, Miroslav"]
[Result "0-1"]
[WhiteElo "2257"]
[BlackElo "2097"]
[PlyCount "30"]
[EventDate "2016.01.26"]
[EventType "swiss"]
[EventRounds "10"]
[EventCountry "GGB"]
[Source "www.saund.co.uk"]
[SourceDate "2005.02.07"]

1. d4 c5 2. d5 f5 3. g4 fxg4 4. e4 d6 5. Nc3 Nf6 6. h3 g3 7. f4 e6 8. dxe6 Bxe6
9. f5 Bf7 10. Bg5 Be7 11. Qd2 Nc6 12. Nf3 Qa5 13. Rg1 O-O-O 14. Rxg3 Rhe8 15.
a3 d5 0-1

[Event "Tradewise Gibraltar Masters 14th"]
[Site "Gibraltar"]
[Date "2016.02.03"]
[Round "9.91"]
[White "Goncalves, Jose Antonio Silvei"]
[Black "Heinemann, Josefine"]
[Result "1/2-1/2"]
[WhiteElo "1984"]
[BlackElo "2233"]
[PlyCount "112"]
[EventDate "2016.01.26"]
[EventType "swiss"]
[EventRounds "10"]
[EventCountry "GGB"]
[Source "www.saund.co.uk"]
[SourceDate "2005.02.07"]

1. d4 Nf6 2. c4 g6 3. Nc3 d5 4. Bf4 Bg7 5. e3 O-O 6. Nf3 c5 7. dxc5 Qa5 8. Rc1
dxc4 9. Bxc4 Qxc5 10. Bb3 Nc6 11. O-O Qa5 12. h3 Bf5 13. Qe2 e5 14. Bh2 Rad8
15. e4 Bc8 16. Rfd1 Nd4 17. Nxd4 Rxd4 18. Rxd4 exd4 19. Nd5 Nxd5 20. exd5 Bf5
21. Bc7 b6 22. Bc4 d3 23. Bxd3 Qxd5 24. Bxf5 Qxf5 25. b3 Rc8 26. Bf4 Rxc1+ 27.
Bxc1 Qb1 28. Qd2 h5 29. g3 Be5 30. Kg2 Qe4+ 31. f3 Qc6 32. Bb2 Bxb2 33. Qxb2
Qd5 34. Qe2 a5 35. h4 b5 36. Kh3 Kf8 37. g4 hxg4+ 38. fxg4 Kg7 39. Kg3 a4 40.
bxa4 bxa4 41. Kf4 Qd4+ 42. Kg3 a3 43. g5 Kf8 44. Kh3 Qc3+ 45. Kg4 Kg7 46. Kf4
Qh3 47. Qf2 Qf5+ 48. Kg3 Qd5 49. Qe2 Kf8 50. Kg4 f5+ 51. Kg3 Qd4 52. Kh3 Kf7
53. h5 Qc3+ 54. Kh4 Qd4+ 55. Kh3 Qc3+ 56. Kh4 Qd4+ 1/2-1/2

[Event "Tradewise Gibraltar Masters 14th"]
[Site "Gibraltar"]
[Date "2016.02.03"]
[Round "9.92"]
[White "Burrows, Martin P"]
[Black "Byron, Alan M"]
[Result "1/2-1/2"]
[WhiteElo "2115"]
[BlackElo "2175"]
[PlyCount "61"]
[EventDate "2016.01.26"]
[EventType "swiss"]
[EventRounds "10"]
[EventCountry "GGB"]
[Source "www.saund.co.uk"]
[SourceDate "2005.02.07"]

1. c4 e5 2. Nc3 Nc6 3. Nf3 g6 4. d4 exd4 5. Nxd4 Bg7 6. Nxc6 bxc6 7. g3 Ne7 8.
Bg2 O-O 9. O-O d6 10. Qc2 Bf5 11. e4 Be6 12. b3 c5 13. Bb2 Nc6 14. Ne2 Rb8 15.
Bxg7 Kxg7 16. f4 Bg4 17. f5 Bxe2 18. f6+ Kh8 19. Qxe2 Re8 20. Rf4 Re5 21. Raf1
Nd4 22. Qd2 Rh5 23. Bf3 Re5 24. Bg2 Rh5 25. g4 Re5 26. Kh1 Rb4 27. R4f2 Qf8 28.
g5 h5 29. gxh6 Kh7 30. Qf4 Qxh6 31. Qg4 1/2-1/2

[Event "Tradewise Gibraltar Masters 14th"]
[Site "Gibraltar"]
[Date "2016.02.03"]
[Round "9.93"]
[White "Nordquelle, Daniel"]
[Black "Tscharotschkin, Michael"]
[Result "0-1"]
[WhiteElo "2102"]
[BlackElo "2169"]
[PlyCount "146"]
[EventDate "2016.01.26"]
[EventType "swiss"]
[EventRounds "10"]
[EventCountry "GGB"]
[Source "www.saund.co.uk"]
[SourceDate "2005.02.07"]

1. e4 c5 2. c3 Nf6 3. e5 Nd5 4. d4 cxd4 5. Nf3 e6 6. cxd4 d6 7. Bd2 Bd7 8. Nc3
Bc6 9. Bc4 Nb6 10. Be2 N8d7 11. O-O Be7 12. Qc2 Rc8 13. Rad1 Nd5 14. Nxd5 Bxd5
15. Qb1 Qb6 16. Bc3 h6 17. Nd2 O-O 18. Bf3 Bxf3 19. Nxf3 Rfd8 20. Rfe1 dxe5 21.
dxe5 Nc5 22. Qc2 Na6 23. Qe4 Bb4 24. Bxb4 Nxb4 25. a3 Rxd1 26. Rxd1 Nd5 27. Qe2
Qc5 28. g3 b5 29. Nd4 a6 30. Nb3 Qb6 31. Rc1 Rxc1+ 32. Nxc1 Qc7 33. Nb3 Nb6 34.
f4 Qc4 35. Qd1 Nd5 36. Nc1 Qc5+ 37. Kh1 Ne3 38. Qd2 Qc6+ 39. Kg1 Qf3 40. Qe2
Qxe2 41. Nxe2 Nc4 42. b3 Nxa3 43. Nd4 Nb1 44. Nc6 Nc3 45. Kf2 Nd5 46. Kf3 Kf8
47. Ke4 Ne7 48. Na5 Ke8 49. Nb7 Nc6 50. Nd6+ Ke7 51. Nb7 a5 52. Nc5 f6 53. h3
fxe5 54. fxe5 g6 55. Kf4 g5+ 56. Ke4 Kf7 57. h4 Ke7 58. h5 Kf7 59. Nb7 a4 60.
Nd6+ Ke7 61. Nxb5 axb3 62. Kd3 Nxe5+ 63. Kc3 Nd7 64. Kxb3 Nf6 65. Nc3 Nxh5 66.
Ne4 Nf6 67. Nf2 Kd6 68. Kc4 Ke5 69. Kd3 h5 70. Ke2 Ne4 71. Nh1 Kd4 72. Kf3 Kd3
73. Kg2 g4 0-1

[Event "Tradewise Gibraltar Masters 14th"]
[Site "Gibraltar"]
[Date "2016.02.03"]
[Round "9.94"]
[White "Ajele, Rotimi"]
[Black "Havik, Victor"]
[Result "0-1"]
[WhiteElo "2163"]
[BlackElo "2092"]
[PlyCount "37"]
[EventDate "2016.01.26"]
[EventType "swiss"]
[EventRounds "10"]
[EventCountry "GGB"]
[Source "www.saund.co.uk"]
[SourceDate "2005.02.07"]

1. d4 Nf6 2. c4 c5 3. d5 e6 4. Nc3 exd5 5. cxd5 d6 6. Nf3 g6 7. Nd2 Bg7 8. e4
O-O 9. Be2 Re8 10. O-O a6 11. a4 Nbd7 12. Kh1 Ne5 13. f4 Neg4 14. Nc4 Nxe4 15.
Bxg4 Bxg4 16. Qc2 Bf5 17. Nxe4 Bxe4 18. Qb3 Bxd5 19. Rd1 0-1

[Event "Tradewise Gibraltar Masters 14th"]
[Site "Gibraltar"]
[Date "2016.02.03"]
[Round "9.95"]
[White "De Rosa, Mariagrazia"]
[Black "Ranaivoharisoa, Alain"]
[Result "1/2-1/2"]
[WhiteElo "2088"]
[BlackElo "2160"]
[PlyCount "72"]
[EventDate "2016.01.26"]
[EventType "swiss"]
[EventRounds "10"]
[EventCountry "GGB"]
[Source "www.saund.co.uk"]
[SourceDate "2005.02.07"]

1. e4 c5 2. Nf3 d6 3. d4 cxd4 4. Nxd4 Nf6 5. Nc3 a6 6. Be3 e5 7. Nf3 Be6 8. Ng5
b5 9. Nxe6 fxe6 10. g3 Qc8 11. a3 Nbd7 12. Qe2 Be7 13. Bh3 Kf7 14. O-O Qc4 15.
Qxc4 bxc4 16. Rfd1 Rab8 17. Rab1 Rhc8 18. f3 Rc6 19. Na4 Bd8 20. b4 cxb3 21.
cxb3 Nb6 22. Nxb6 Bxb6 23. Bxb6 Rbxb6 24. Rd3 Ke7 25. Rbd1 Rc2 26. b4 d5 27.
exd5 exd5 28. Re3 e4 29. fxe4 dxe4 30. Bf5 Rd6 31. Rxd6 Kxd6 32. Bxe4 Nxe4 33.
Rxe4 Rc3 34. Rh4 h6 35. Rg4 g5 36. a4 Ke5 1/2-1/2

[Event "Tradewise Gibraltar Masters 14th"]
[Site "Gibraltar"]
[Date "2016.02.03"]
[Round "9.96"]
[White "Blodig, Reinhard"]
[Black "Pabalan, Rocky"]
[Result "0-1"]
[WhiteElo "2158"]
[BlackElo "2089"]
[PlyCount "88"]
[EventDate "2016.01.26"]
[EventType "swiss"]
[EventRounds "10"]
[EventCountry "GGB"]
[Source "www.saund.co.uk"]
[SourceDate "2005.02.07"]

1. g3 c5 2. Bg2 g6 3. e4 Bg7 4. Nc3 Nc6 5. d3 d6 6. f4 Nf6 7. Nge2 O-O 8. O-O
Bg4 9. h3 Bxe2 10. Qxe2 Nd7 11. Nd5 Rb8 12. c3 b5 13. Bd2 b4 14. Ne3 Qc8 15.
Rf2 a5 16. Qf3 bxc3 17. bxc3 Nb4 18. Bf1 a4 19. Qd1 Nc6 20. Qxa4 Rb2 21. Be1
Qb7 22. Rd1 Rxf2 23. Kxf2 Ra8 24. Qc2 Qa7 25. Rd2 Qa3 26. Re2 Nb6 27. Qb3 Qa7
28. Nd5 Na4 29. Qb5 Rc8 30. Bg2 e6 31. e5 exd5 32. Bxd5 Nxe5 33. fxe5 Bxe5 34.
Kg2 Rb8 35. Qc4 Kg7 36. Rf2 f5 37. g4 Nb2 38. Rxb2 Rxb2+ 39. Kg1 Bh2+ 40. Kh1
Qe7 41. Bg2 Qxe1+ 42. Kxh2 Qe5+ 43. Kg1 Qe3+ 44. Kh1 Rb1+ 0-1

[Event "Tradewise Gibraltar Masters 14th"]
[Site "Gibraltar"]
[Date "2016.02.03"]
[Round "9.97"]
[White "Dougherty, Michael"]
[Black "Carlsten, Peter"]
[Result "0-1"]
[WhiteElo "2149"]
[BlackElo "2074"]
[PlyCount "68"]
[EventDate "2016.01.26"]
[EventType "swiss"]
[EventRounds "10"]
[EventCountry "GGB"]
[Source "www.saund.co.uk"]
[SourceDate "2005.02.07"]

1. e4 d6 2. f4 e5 3. Nf3 exf4 4. d4 g5 5. Bc4 Bg7 6. O-O Be6 7. d5 Bg4 8. Qe1
Nd7 9. Bb5 c6 10. dxc6 bxc6 11. Ba4 h6 12. Nc3 Ne7 13. Bd2 O-O 14. h4 Bxf3 15.
Rxf3 Ng6 16. g3 Nde5 17. Rf1 g4 18. gxf4 Nf3+ 19. Rxf3 gxf3 20. h5 Bd4+ 21. Be3
Qb6 22. Nd1 Ne7 23. Kf2 Bxe3+ 24. Nxe3 Qd4 25. Bb3 Qxe4 26. Qc3 Kh7 27. Qf6 Ng8
28. Qc3 Qxf4 29. Qxc6 Nf6 30. Bd5 Rac8 31. Qb7 Ng4+ 32. Nxg4 Rxc2+ 33. Kf1 Qxg4
34. Bxf3 Qc4+ 0-1

[Event "Tradewise Gibraltar Masters 14th"]
[Site "Gibraltar"]
[Date "2016.02.03"]
[Round "9.98"]
[White "Hagesaether, Arne"]
[Black "Spence, David J"]
[Result "1/2-1/2"]
[WhiteElo "2086"]
[BlackElo "2140"]
[PlyCount "64"]
[EventDate "2016.01.26"]
[EventType "swiss"]
[EventRounds "10"]
[EventCountry "GGB"]
[Source "www.saund.co.uk"]
[SourceDate "2005.02.07"]

1. e4 e6 2. d4 d5 3. Nd2 Nf6 4. e5 Nfd7 5. Bd3 c5 6. c3 Nc6 7. Ngf3 g6 8. O-O
Bg7 9. Re1 O-O 10. Nf1 cxd4 11. cxd4 Qb6 12. Bc2 f6 13. exf6 Nxf6 14. b3 Nh5
15. Be3 Bd7 16. Rc1 Rae8 17. h3 Nf4 18. N1h2 Nb4 19. Bb1 Qd6 20. Qd2 a5 21. Ne5
Bxe5 22. dxe5 Qxe5 23. Ng4 Qg5 24. Rc7 Bc6 25. Qb2 d4 26. Bxd4 Rf7 27. Bf6 Qh5
28. Rxf7 Kxf7 29. Bg7 Nbd5 30. Bh6 e5 31. Rxe5 Nxh3+ 32. gxh3 Qxh3 1/2-1/2

[Event "Tradewise Gibraltar Masters 14th"]
[Site "Gibraltar"]
[Date "2016.02.03"]
[Round "9.99"]
[White "Seyfried, Claus"]
[Black "Burke, Mitchell R"]
[Result "1-0"]
[WhiteElo "2137"]
[BlackElo "2002"]
[PlyCount "109"]
[EventDate "2016.01.26"]
[EventType "swiss"]
[EventRounds "10"]
[EventCountry "GGB"]
[Source "www.saund.co.uk"]
[SourceDate "2005.02.07"]

1. e4 e6 2. d4 a6 3. Nf3 b5 4. Bd3 Nf6 5. O-O Be7 6. a4 b4 7. c3 c5 8. e5 Nd5
9. c4 Nc7 10. Be4 Ra7 11. Be3 Bb7 12. Bxb7 Rxb7 13. dxc5 a5 14. Nbd2 Nca6 15.
Ne4 Rc7 16. Nd6+ Kf8 17. Nd4 Rxc5 18. Nb7 Qc7 19. Nxc5 Nxc5 20. f4 f5 21. exf6
Bxf6 22. Nb5 Qc6 23. Bd4 Bxd4+ 24. Qxd4 Nb3 25. Qe5 Qb6+ 26. c5 Qxc5+ 27. Qxc5+
Nxc5 28. Rac1 Nba6 29. Nc7 Ke7 30. Nxa6 Nxa6 31. Rc4 Nb8 32. Rc7 Nc6 33. Rd1
Rd8 34. Kf2 e5 35. Rxc6 dxc6 36. Rxd8 Kxd8 37. fxe5 c5 38. Ke3 c4 39. Kd4 c3
40. bxc3 b3 41. Kd3 Ke7 42. Kd2 Ke6 43. Kc1 Kxe5 44. Kb2 Ke4 45. Kxb3 Kd3 46.
Kb2 g6 47. g3 h6 48. h3 g5 49. g4 Kc4 50. Kc2 Kd5 51. Kd3 Kc5 52. c4 Kb4 53.
Kd4 Kxa4 54. c5 Kb5 55. Kd5 1-0

[Event "Tradewise Gibraltar Masters 14th"]
[Site "Gibraltar"]
[Date "2016.02.03"]
[Round "9.100"]
[White "Kozarcanin, Sead"]
[Black "Veltkamp, Gerben"]
[Result "0-1"]
[WhiteElo "2073"]
[BlackElo "2135"]
[PlyCount "40"]
[EventDate "2016.01.26"]
[EventType "swiss"]
[EventRounds "10"]
[EventCountry "GGB"]
[Source "www.saund.co.uk"]
[SourceDate "2005.02.07"]

1. e4 e5 2. Nc3 Nf6 3. f4 d5 4. exd5 e4 5. Bb5+ c6 6. dxc6 bxc6 7. Ba4 Bc5 8.
d3 O-O 9. dxe4 Qb6 10. Nh3 Nxe4 11. Qe2 Nxc3 12. bxc3 Ba6 13. Qe4 Qd8 14. Be3
Re8 15. Rd1 Nd7 16. Qf5 Rxe3+ 17. Kd2 Qa5 18. Rde1 Qxc3+ 19. Kd1 Qa1+ 20. Kd2
Qd4+ 0-1

[Event "Tradewise Gibraltar Masters 14th"]
[Site "Gibraltar"]
[Date "2016.02.03"]
[Round "9.101"]
[White "Kalthoff, Peter"]
[Black "Moradi, Kimia"]
[Result "1/2-1/2"]
[WhiteElo "2132"]
[BlackElo "2024"]
[PlyCount "62"]
[EventDate "2016.01.26"]
[EventType "swiss"]
[EventRounds "10"]
[EventCountry "GGB"]
[Source "www.saund.co.uk"]
[SourceDate "2005.02.07"]

1. d4 d5 2. Nf3 Nf6 3. e3 e6 4. Bd3 c5 5. c3 Nc6 6. Nbd2 Bd6 7. O-O O-O 8. Qe2
Qc7 9. dxc5 Bxc5 10. e4 h6 11. e5 Ng4 12. Nb3 Bb6 13. Nbd4 Ngxe5 14. Nxe5 Nxe5
15. Bf4 f6 16. Rae1 Qf7 17. Bb1 Bxd4 18. cxd4 Nc6 19. Qd3 f5 20. Re3 Qf6 21.
Rd1 g5 22. Rg3 Kf7 23. Bd6 Rd8 24. Bc5 b6 25. Ba3 Bb7 26. Re3 Rac8 27. g4 Nxd4
28. Qxd4 Qxd4 29. Rxd4 Rc1+ 30. Kg2 Rxb1 31. gxf5 Bc8 1/2-1/2

[Event "Tradewise Gibraltar Masters 14th"]
[Site "Gibraltar"]
[Date "2016.02.03"]
[Round "9.102"]
[White "Henrichsen, Jens"]
[Black "Boado Rodriguez, Martin"]
[Result "0-1"]
[WhiteElo "2012"]
[BlackElo "2121"]
[PlyCount "60"]
[EventDate "2016.01.26"]
[EventType "swiss"]
[EventRounds "10"]
[EventCountry "GGB"]
[Source "www.saund.co.uk"]
[SourceDate "2005.02.07"]

1. d4 Nf6 2. c4 g6 3. Nc3 d5 4. Nf3 Bg7 5. Qb3 dxc4 6. Qxc4 O-O 7. e4 a6 8. e5
b5 9. Qb3 Nfd7 10. e6 fxe6 11. Be3 Nf6 12. a4 bxa4 13. Nxa4 Nd5 14. Bc4 Qd6 15.
Nc5 Nc6 16. Ne4 Qb4+ 17. Qxb4 Ncxb4 18. Ke2 Nf4+ 19. Bxf4 Rxf4 20. Nc5 Bxd4 21.
Nxe6 Re4+ 22. Kd2 Bf6 23. Nxc7+ Rxc4 24. Nxa8 Rc2+ 25. Ke3 Nd5+ 26. Ke4 Bb7 27.
Kd3 Nb4+ 28. Ke3 Bxa8 29. Rhd1 Rxb2 30. Ra5 Bd5 0-1

[Event "Tradewise Gibraltar Masters 14th"]
[Site "Gibraltar"]
[Date "2016.02.03"]
[Round "9.103"]
[White "Feldbacher, Harald"]
[Black "Lafortune, Emerick"]
[Result "1/2-1/2"]
[WhiteElo "2121"]
[BlackElo "1923"]
[PlyCount "85"]
[EventDate "2016.01.26"]
[EventType "swiss"]
[EventRounds "10"]
[EventCountry "GGB"]
[Source "www.saund.co.uk"]
[SourceDate "2005.02.07"]

1. d4 Nf6 2. Bg5 d5 3. Nd2 c5 4. c3 h6 5. Bxf6 exf6 6. e3 Nc6 7. Bd3 f5 8. Ne2
Bd6 9. g3 Be6 10. a3 c4 11. Bc2 b5 12. Nf4 g6 13. h4 Qd7 14. Qf3 Be7 15. h5 g5
16. Nxe6 fxe6 17. g4 O-O 18. Qg2 Kh8 19. Rg1 f4 20. e4 Bf6 21. e5 Be7 22. Nf3
a5 23. Qf1 b4 24. axb4 axb4 25. Ke2 bxc3 26. bxc3 Rab8 27. Ra2 Rb6 28. Qa1 Rfb8
29. Rb1 Kg7 30. Rxb6 Rxb6 31. Ba4 Qb7 32. Bxc6 Qxc6 33. Ra7 Rb7 34. Ra6 Rb6 35.
Ra2 Qb5 36. Nd2 Qc6 37. Qc1 Qe8 38. Ra7 Rb8 39. Qc2 Rb6 40. Qa2 Rb8 41. Qa6 Kf7
42. Qa2 Rb6 43. Qc2 1/2-1/2